00217nam a2200085Ia 4500008004100000041000800041100001400049245004200063260002600105231212s1992 xx 000 0 und d aeng aBadri Ram aAdvanced Microprocessor & Interfacing aBombaybTata Mcc1992